Romeo and Juliet

Na minha lista:
Detalhes bibliográficos
Autor principal: Shakespeare, William
Formato: Livro
Idioma:Undetermined
Publicado em: London Pearson Education 2002
Assuntos:
Tags: Adicionar Tag
Sem tags, seja o primeiro a adicionar uma tag!
Thư viện lưu trữ: Trung tâm Học liệu Trường Đại học Cần Thơ
LEADER 00555nam a2200193Ia 4500
001 CTU_103175
008 210402s9999 xx 000 0 und d
020 |c 4.76 
082 |a 822.33 
082 |b S527 
100 |a Shakespeare, William 
245 0 |a Romeo and Juliet 
245 0 |c William Shakespeare ; Retold: Anne Collins 
260 |a London 
260 |b Pearson Education 
260 |c 2002 
650 |a Shakespeare, William, 1564-1616,Romeo and Juliet 
904 |i Truc, Trong Hieu 
980 |a Trung tâm Học liệu Trường Đại học Cần Thơ